<?xml version="1.0" encoding="UTF-8"?><?xml-stylesheet type="text/xsl" href="static/style.xsl"?><OAI-PMH xmlns="http://www.openarchives.org/OAI/2.0/" xmlns:xsi="http://www.w3.org/2001/XMLSchema-instance" xsi:schemaLocation="http://www.openarchives.org/OAI/2.0/ http://www.openarchives.org/OAI/2.0/OAI-PMH.xsd"><responseDate>2026-04-27T14:40:20Z</responseDate><request verb="GetRecord" identifier="oai:uvadoc.uva.es:10324/70879" metadataPrefix="marc">https://uvadoc.uva.es/oai/request</request><GetRecord><record><header><identifier>oai:uvadoc.uva.es:10324/70879</identifier><datestamp>2024-10-17T19:02:24Z</datestamp><setSpec>com_10324_38</setSpec><setSpec>col_10324_852</setSpec></header><metadata><record xmlns="http://www.loc.gov/MARC21/slim" xmlns:doc="http://www.lyncode.com/xoai" xmlns:xsi="http://www.w3.org/2001/XMLSchema-instance" xmlns:dcterms="http://purl.org/dc/terms/" xsi:schemaLocation="http://www.loc.gov/MARC21/slim http://www.loc.gov/standards/marcxml/schema/MARC21slim.xsd">
<leader>00925njm 22002777a 4500</leader>
<datafield tag="042" ind1=" " ind2=" ">
<subfield code="a">dc</subfield>
</datafield>
<datafield tag="720" ind1=" " ind2=" ">
<subfield code="a">Marinero García, Juan Manuel</subfield>
<subfield code="e">author</subfield>
</datafield>
<datafield tag="260" ind1=" " ind2=" ">
<subfield code="c">2024</subfield>
</datafield>
<datafield tag="520" ind1=" " ind2=" ">
<subfield code="a">A modo introductorio, se ofrece un repaso cronológico de los 96 años de historia del Club desde su creación en 1928, hasta nuestros días en 2024, haciendo hincapié en la historia reciente, desde 2018, cuando su propiedad es adquirida por Ronaldo Nazario.&#xd;
Posteriormente se ofrece una lista de los cambios que llegaron al Club tras la aparición del astro brasileño y, finalmente, el groso del proyecto, un análisis detallado de la comunicación en redes sociales, un extenso capítulo con el estudio de todas sus redes, una evolución de sus seguidores y ejemplos prácticos con diferentes casos de estudio.&#xd;
El trabajo finaliza con unas conclusiones acompañadas de gráficas que muestran lo visto durante el proyecto y una webgrafía con las principales páginas web en las que se encontró la información.</subfield>
</datafield>
<datafield tag="024" ind2=" " ind1="8">
<subfield code="a">https://uvadoc.uva.es/handle/10324/70879</subfield>
</datafield>
<datafield tag="245" ind1="0" ind2="0">
<subfield code="a">Análisis de la comunicación y redes sociales del Real Valladolid</subfield>
</datafield>
</record></metadata></record></GetRecord></OAI-PMH>